Cross-cultural perspectives in introductory Psychology (0 53454 653 6)

Guardado en:
Detalles Bibliográficos
Autor principal: WILLIAM F PRICE
Formato: Libro
Lenguaje:Undetermined
Publicado: Thomson Learning 2001
Etiquetas: Agregar Etiqueta
Sin Etiquetas, Sea el primero en etiquetar este registro!
Thư viện lưu trữ: Trung tâm Học liệu Trường Đại học Cần Thơ
LEADER 00450nam a2200145Ia 4500
001 CTU_49640
008 210402s9999 xx 000 0 und d
082 |a 155.8 
082 |b P946 
100 |a WILLIAM F PRICE 
245 0 |a Cross-cultural perspectives in introductory Psychology (0 53454 653 6) 
245 0 |c WILLIAM F PRICE, Richley H. Crapo 
260 |b Thomson Learning 
260 |c 2001 
980 |a Trung tâm Học liệu Trường Đại học Cần Thơ